| 000 | 00421 a2200145 4500 | ||
|---|---|---|---|
| 020 | _a8170084512 | ||
| 040 |
_aDLC _bDLC |
||
| 100 | _aParida, Rajeev A | ||
| 245 |
_aThe Power of Oracle 9i _cRajeev A Parida and Vinod Sharma |
||
| 260 |
_aNew Delhi: _bLaxmi Publications, _c2004. |
||
| 300 |
_avii, 1035 p. : _bill. ; _c24 cm. |
||
| 500 | _aIncludes Index | ||
| 650 | _aOracle (computer file) | ||
| 942 |
_cBK _k005.7585 PAR _2ddc |
||
| 999 |
_c9805 _d9805 |
||